Variedades de olivo y composición de sus aceites en el oeste del Mediterráneo

Saved in:
Bibliografiske detaljer
Main Authors: López Cortés, Isabel (autora), Salazar Hernández, Domingo M (Author)
Format: Bog
Sprog:spansk
Udgivet: Valencia Phytoma 2006
Fag:
Tags: Tilføj Tag
Ingen Tags, Vær først til at tagge denne postø!

MARC

LEADER 00000nam a2200000 a 4500
001 UCG5932
003 CL-VaPUC
008 110324e20060000SP |||||||||||||||||spa|d
020 |a 8493205699 
082 0 4 |a 664.362  |b LOP  |2 21 
100 |a López Cortés, Isabel  |e autora  |9 555844 
700 0 |a Salazar Hernández, Domingo M  |e author  |9 555845 
245 1 0 |a Variedades de olivo y composición de sus aceites en el oeste del Mediterráneo 
300 |a 443 p 
942 |c BK 
945 |d 20110324 00:00:00  |a jcampos 
260 |a Valencia  |b Phytoma  |c 2006 
650 0 |a Aceite de oliva  |9 264820 
650 7 |a FENOLOGIA  |2 CL-VaPUC  |9 358452 
650 0 |a Olivo  |9 264818 
650 0 |a Variedades  |9 393868 
651 7 |a MEDITERRANEO  |2 CL-VaPUC  |9 269643 
583 |a last modification  |c 20110324 00:00:00  |k Rodrigo Vera 
999 |c 344256  |d 344254 
952 |0 0  |1 0  |4 0  |6 664_362000000000000_LOP_2006  |7 0  |8 A  |9 442127  |a BIBAGR  |b BIBAGR  |d 2019-11-22  |i 4759796  |o 664.362 LOP 2006  |p 4759796  |r 2025-01-20  |w 2019-11-22  |y BK  |k AGR